U.S. Air Force tactical missiles, 1949-1969 : (Record no. 547)

MARC details
000 -LEADER
fixed length control field 01104cam a22003014a 4500
005 - DATE AND TIME OF LATEST TRANSACTION
control field 20260322212024.0
008 - FIXED-LENGTH DATA ELEMENTS--GENERAL INFORMATION
fixed length control field data
010 ## - LIBRARY OF CONGRESS CONTROL NUMBER
LC control number 2008908364
020 ## - INTERNATIONAL STANDARD BOOK NUMBER
International Standard Book Number 9780557000296 (pbk.)
020 ## - INTERNATIONAL STANDARD BOOK NUMBER
International Standard Book Number 0557000297
040 ## - CATALOGING SOURCE
Original cataloging agency DLC
Transcribing agency DLC
Modifying agency DLC
043 ## - GEOGRAPHIC AREA CODE
Geographic area code n-us---
050 00 - LIBRARY OF CONGRESS CALL NUMBER
Classification number UG1313
Item number .M56 2008
082 00 - DEWEY DECIMAL CLASSIFICATION NUMBER
Classification number 623.4/519
Edition information 22
092 ## - LOCALLY ASSIGNED DEWEY CALL NUMBER (OCLC)
Classification number 623.4 M56 2008
001 - CONTROL NUMBER
control field data
100 1# - MAIN ENTRY--PERSONAL NAME
Personal name Mindling, George.
245 10 - TITLE STATEMENT
Title U.S. Air Force tactical missiles, 1949-1969 :
Remainder of title the pioneers /
Statement of responsibility, etc. George Mindling & Robert Bolton.
260 ## - PUBLICATION, DISTRIBUTION, ETC.
Place of publication, distribution, etc. [S.l.] :
Name of publisher, distributor, etc. Lulu,
Date of publication, distribution, etc. c2008.
300 ## - PHYSICAL DESCRIPTION
Extent vi, 301 p. :
Other physical details ill. ;
Dimensions 23 cm.
610 10 - SUBJECT ADDED ENTRY--CORPORATE NAME
Corporate name or jurisdiction name as entry element United States.
Subordinate unit Air Force
General subdivision History.
-- History.
610 10 - SUBJECT ADDED ENTRY--CORPORATE NAME
Corporate name or jurisdiction name as entry element United States.
Subordinate unit Air Force
General subdivision History.
-- History.
650 #0 - SUBJECT ADDED ENTRY--TOPICAL TERM
Topical term or geographic name entry element Tactical missiles
Geographic subdivision United States
General subdivision History.
700 1# - ADDED ENTRY--PERSONAL NAME
Personal name Bolton, Robert.
906 ## - LOCAL DATA ELEMENT F, LDF (RLIN)
a 7
b cbc
c orignew
d 2
e ncip
f 20
g y-nonroman
925 0# -
-- acquire
-- 2 shelf copies
-- policy default
955 ## - COPY-LEVEL INFORMATION (RLIN)
-- rf09 2009-09-11 to Dewey
-- rd07 2010-01-21
-- xg20 2011-01-13 copy 2 added
Holdings
Withdrawn status Lost status Damaged status Not for loan Home library Current library Shelving location Date acquired Total checkouts Full call number Barcode Date last seen Price effective from Koha item type
        Troy Troy General stacks 22/03/2026   623.4/519 22 BC0010560 22/03/2026 22/03/2026 Books